Japan the state of the nation

Bewaard in:
Bibliografische gegevens
Hoofdauteur: Murata, Kiyoaki
Formaat: Boek
Taal:Undetermined
Gepubliceerd in: Tokyo The Japan Times 1979
Onderwerpen:
Tags: Voeg label toe
Geen labels, Wees de eerste die dit record labelt!
Thư viện lưu trữ: Trung tâm Học liệu Trường Đại học Cần Thơ
LEADER 00522nam a2200205Ia 4500
001 CTU_107408
008 210402s9999 xx 000 0 und d
082 |a 952.04 
082 |b M972 
100 |a Murata, Kiyoaki 
245 0 |a Japan the state of the nation 
245 0 |c Kiyoaki Murata 
260 |a Tokyo 
260 |b The Japan Times 
260 |c 1979 
650 |a Politics and government 
650 |y 1945- 
650 |z Japan 
904 |i Nguyên 
980 |a Trung tâm Học liệu Trường Đại học Cần Thơ